00631nam a22002057a 4500003000500000005001700005008004100022010001000063011001000073035001000083040000900093100002100102245006800123500003600191500009400227650002800321650003000349650002600379700002000405CHAP20220329141811.0971013s r 00010 d a74034 a75006 a84566 cCHAP00aHarris, David R. aSistemas agrícolas, ecosistemas y el origen de la agricultura aSobretiro de: Ucke, Peter J. D. aThe domestication and explotation of plant and animals..London, Deckworth, 1968. pp. 3-1414aAclimatación vegetal.14aAdaptación (Biología)14aAdaptación vegetal.0 aDimbleby, B. W.